LDR 00658naa#a2200193#i#450# 001 EN\\bibl\122866 005 20260511051713.1 011 ## _a2073-4018 100 ## _a20260508b2026####ek#y0engy0150####ca 101 0# _aRUS 102 ## _aRU 200 1# _aNatural Chlorophyll Colorant in Blue Cheese Technology _eJournal article 210 1# _aKemerovo _cKemerovo State University _d2026 215 ## _a9 с. 608 ## _aJournal article _2local 675 ## _aСельское хозяйство. Лесное хозяйство. Охота. Рыбное хозяйство. 63 _zRUS 700 #1 _aOstroukhova _gIrina L. 700 #1 _aKozhevnikova _gPolina A. 856 4# _ajcenter.kemsu.ru _u